Maranam chumbicha bhavana/ (Record no. 181761)

000 -LEADER
fixed length control field 00436nam a2200169 4500
020 ## - INTERNATIONAL STANDARD BOOK NUMBER
ISBN 9789388768757
082 ## - DEWEY DECIMAL CLASSIFICATION NUMBER
Classification number M4
Item number PRA/M
100 ## - MAIN ENTRY--AUTHOR NAME
Personal name Prakash Babu P V
245 ## - TITLE STATEMENT
Title Maranam chumbicha bhavana/
Statement of responsibility, etc by Prakash Babu P V
260 ## - PUBLICATION, DISTRIBUTION, ETC. (IMPRINT)
Place of publication Thrissur:
Name of publisher Kerala sahitya academi,
Year of publication 2024.
300 ## - PHYSICAL DESCRIPTION
Number of Pages 643p.
650 ## - SUBJECT ADDED ENTRY--TOPICAL TERM
Topical Term Essays Malayalam
650 ## - SUBJECT ADDED ENTRY--TOPICAL TERM
Topical Term Literature Malayalam
650 ## - SUBJECT ADDED ENTRY--TOPICAL TERM
Topical Term Literature
700 ## - ADDED ENTRY--PERSONAL NAME
Personal name Anil K M(ed.)
942 ## - ADDED ENTRY ELEMENTS (KOHA)
Koha item type Book
Holdings
Withdrawn status Lost status Damaged status Not for loan Permanent Location Current Location Shelving location Date acquired Cost, normal purchase price Full call number Accession Number Price effective from Koha item type
        Sree Sankaracharya University of Sanskrit Sree Sankaracharya University of Sanskrit Stacks 22.05.2026 900.00 M4 PRA/M 108889 22.05.2026 Book